| 000 | 01259nam a2200277 4500 | ||
|---|---|---|---|
| 001 | 175470 | ||
| 003 | ES-MaACL | ||
| 005 | 20250718060605.0 | ||
| 008 | 101028s2005 sp co |||| |deng d | ||
| 080 | _a929 Jiménez, Juan Ramón | ||
| 080 | _a929 Tagore, Rabindranath | ||
| 080 | _a821.214.21 Rabindranath, Tagore 1.07 | ||
| 080 | _a929 Camprubí de Jiménez, Zenobia | ||
| 100 | 1 |
_aCortés Ibáñez, Emilia. _940887 |
|
| 245 | 1 | 0 |
_aHijos de la alegría _b: Rabindranath Tagore y Zenobia Camprubí-Juan Ramón Jiménez : (una conexión entre Oriente y Occidente) = Children of joy : Rabindranath Tagore and Zenobia Camprubí-Juan Ramón Jiménez : (a connection between East and West) / _c[texto, Emilia Cortés Ibáñez]. |
| 246 | 3 | 1 | _aChildren of joy |
| 260 |
_a[Madrid] : _bDirección General del Libro, Archivos y Bibliotecas, _c[2005] |
||
| 300 |
_a22 p. : _bil., fot. ; _c20 x 22 cm. |
||
| 546 | _aTexto español y traducción al inglés. | ||
| 594 | _aEn port.: "Familia de Zenobia y Juan Ramón" | ||
| 600 | 1 | 4 |
_aJiménez, Juan Ramón, _d1881-1958 _966417 |
| 600 | 1 | 4 |
_aTagore, Rabindranath, _d1861-1941 _9109071 |
| 600 | 1 | 4 |
_aCamprubí de Jiménez, Zenobia. _934307 |
| 852 |
_aES-MaACL _j2283-F-3 |
||
| 999 |
_c175470 _d175470 |
||